Opportunities and constraints of rubberwood development in Africa (Record no. 64400)

MARC details
000 -LEADER
fixed length control field 00444nam a2200109Ia 4500
100 ## - MAIN ENTRY--AUTHOR NAME
Personal name Schmincke K H
245 #0 - TITLE STATEMENT
Title Opportunities and constraints of rubberwood development in Africa
260 ## - PUBLICATION, DISTRIBUTION, ETC. (IMPRINT)
Name of publisher In: Proceedings of the International Forum on Investment Opportunities in the Rubberwood Industry, Kuala Lumpur, Malaysia, 20-22 September 1993, p. 254-263
Year of publication 1993
650 ## - SUBJECT ADDED ENTRY--TOPICAL TERM
Topical Term Rubberwood
942 ## - ADDED ENTRY ELEMENTS (KOHA)
Koha item type Journals
Holdings
Withdrawn status Lost status Damaged status Not for loan Home library Current library Shelving location Date acquired Koha item type
      Journals RRII Library RRII Library Rubber general 17/12/2021 Journals